Экономика. Политика. Инвестиции. 2000, 1(6) (Запись № 1964529)

Подробности
000 -МАРКЕР
контрольное поле 01167nam2a22002411 4500
001 - ИДЕНТИФИКАТОР ЗАПИСИ
контрольное поле RU\NLR\INFOCOMM15\5000288066
005 - ИДЕНТИФИКАТОР ВЕРСИИ
контрольное поле 20250617035322.0
035 ## - ДРУГИЕ СИСТЕМНЫЕ НОМЕРА
Идентификатор записи (NLR Aleph) 002427724
100 ## - ДАННЫЕ ОБЩЕЙ ОБРАБОТКИ
Данные общей обработки 20050204d2000 |||y0rusy50 ca
101 0# - ЯЗЫК РЕСУРСА
Язык текста, звукозаписи и т.д. английский
-- русский
102 ## - СТРАНА ПУБЛИКАЦИИ ИЛИ ПРОИЗВОДСТВА
Страна публикации Российская Федерация
105 ## - ПОЛЕ КОДИРОВАННЫХ ДАННЫХ: ТЕКСТОВЫЕ МАТЕРИАЛЫ, МОНОГРАФИЧЕСКИЕ
Кодированные данные о монографическом текстовом документе y ||||000|y
200 0# - ЗАГЛАВИЕ И СВЕДЕНИЯ ОБ ОТВЕТСТВЕННОСТИ
Основное заглавие 2000, 1(6)
210 ## - ПУБЛИКАЦИЯ, РАСПРОСТРАНЕНИЕ И ДР.
Дата издания, распространения и т.д. 2000
Место издания, распространения и т.д. Б. м.
461 #0 - УРОВЕНЬ НАБОРА
Встроенное поле 001RU\NLR\INFOCOMM15\5000288060
-- 2001#$aЭкономика. Политика. Инвестиции$eИнформ.-аналит. ежекварт. журн.$fУчредитель: Ком. экономики и пром. политики Администрации Санкт-Петербурга$v2000, 1(6)
Системный номер (АБИС) связанной записи 1964520
Место публикации СПб.
Дата публикации 1998 -
Первые сведения об ответственности Учредитель: Ком. экономики и пром. политики Администрации Санкт-Петербурга
Имя издателя, распространителя и т.д. Б. и.
Сведения, относящиеся к заглавию Информ.-аналит. ежекварт. журн.
Заглавие Экономика. Политика. Инвестиции
Номер тома 2000, 1(6)
801 #1 - ИСТОЧНИК ЗАПИСИ
Страна Российская Федерация
Организация InfoComm
Дата составления 20050204
801 #0 - ИСТОЧНИК ЗАПИСИ
Страна Российская Федерация
Организация NLR
Правила каталогизации PSBO
852 ## - МЕСТОНАХОЖДЕНИЕ И ШИФР ХРАНЕНИЯ
Идентификатор организации NLR
Шифр хранения (Call Number) П23/4473
942 ## - ДОПОЛНИТЕЛЬНЫЕ ЭЛЕМЕНТЫ ЗАПИСИ (АБИС)
Тип экземпляра АБИС Выпуск
980 ## - КОЛЛЕКЦИЯ
Название коллекции Национальная библиография
980 ## - КОЛЛЕКЦИЯ
Название коллекции Русская периодика

Нет доступных экземпляров.